| 000 | 00584nam a2200193Ii 4500 | ||
|---|---|---|---|
| 001 | 7950 | ||
| 003 | CO-ViMGA | ||
| 008 | 241108s9999||||xx |||||||||||||| ||und|| | ||
| 040 |
_aCO-ViMGA _bspa _erda _cCO-ViMGA |
||
| 041 | 0 | _aspa | |
| 082 | 0 | 4 | _a320.5 M665 |
| 245 | 1 | 0 |
_aPolítica en fuentes alternas de energia : _bpresente y futuro |
| 264 | 1 | _aBogotá, Colombia : República de Colombia, 1992 | |
| 300 | _avolumen | ||
| 336 |
_atext _btxt _2rdacontent |
||
| 337 |
_aunmediated _bn _2rdamedia |
||
| 338 |
_avolume _bnc _2rdacarrier |
||
| 940 | _aidficha_siabuc: 7773. -- ficha_no_siabuc:7950 | ||
| 999 |
_c48049 _d48049 |
||